| 000 | 01603nam a2200397Ia 4500 | ||
|---|---|---|---|
| 001 | ebr10252453 | ||
| 003 | CaPaEBR | ||
| 006 | m u | ||
| 007 | cr cn||||||||| | ||
| 008 | 080915s2008 dcua sb i000 0 eng d | ||
| 020 | _z9780821376096 | ||
| 020 | _z0821376098 | ||
| 040 |
_aCaPaEBR _cCaPaEBR |
||
| 035 | _a(OCoLC)291090958 | ||
| 050 | 1 | 4 |
_aHD3612 _b.D65 2008eb |
| 245 | 0 | 0 |
_aDoing business 2009 _h[electronic resource] : _bcomparing regulation in 181 economies. |
| 246 | 3 | 0 | _aComparing regulation in 181 economies |
| 246 | 3 | _aComparing regulation in one hundred eighty-one economies | |
| 260 |
_aWashington, D.C. : _bWorld Bank ; _a[Basingstoke : _bDistributed by Palgrave], _cc2008. |
||
| 300 |
_aix, 195 p. : _bcol. ill. |
||
| 500 | _a"A copublication of the World Bank, International Finance Corporation, and Palgrave." | ||
| 504 | _aIncludes bibliographical references. | ||
| 533 |
_aElectronic reproduction. _bPalo Alto, Calif. : _cebrary, _d2013. _nAvailable via World Wide Web. _nAccess may be limited to ebrary affiliated libraries. |
||
| 650 | 0 | _aTrade regulation. | |
| 650 | 0 | _aCommerce. | |
| 650 | 0 |
_aBusiness _xCosts _vStatistics. |
|
| 650 | 0 |
_aCosts, Industrial _vStatistics. |
|
| 650 | 0 | _aEconomic indicators. | |
| 650 | 0 | _aCommercial law. | |
| 650 | 0 | _aComparative economics. | |
| 655 | 7 |
_aElectronic books. _2local |
|
| 710 | 2 | _aWorld Bank. | |
| 710 | 2 | _aInternational Finance Corporation. | |
| 710 | 2 | _aebrary, Inc. | |
| 856 | 4 | 0 |
_uhttp://site.ebrary.com/lib/rucke/Doc?id=10252453 _zAn electronic book accessible through the World Wide Web; click to view |
| 999 |
_c31934 _d31934 |
||